000 00416cam a2200145 4500500
005 20251012032628.0
041 _afre
042 _adc
100 1 0 _aFlach, Louis
_eauthor
245 0 0 _aLa nuit défigurée
260 _c2009.
500 _a96
786 0 _nSigila | 23 | 1 | 2009-06-20 | p. 153-157 | 1286-1715
856 4 1 _uhttps://shs.cairn.info/revue-sigila-2009-1-page-153?lang=fr&redirect-ssocas=7080
999 _c1547916
_d1547916